000 00563cam a2200205ua 4500
001 777
005 20260515113226.0
008 110419n ii |||gr||||Z||||||eng
020 _a0-87692-492-5
040 _cMAIN
082 _a342.54
245 1 _aIntroduction to the constitution of India.
_cBy Durga Das Basu.
250 _a12th.
260 _aNew Delhi.:
_bPrentice hall of India.,987.
300 _axx, 457 p.:
_c20 cm.
653 _aPolitical science.
653 _aIntroduction to the constitution of India.
700 _aBasu, Durga Das.,
942 _cBK
999 _c703
_d703